Soccer player's club - Statistics

General Stats
  • This quiz has been taken 225 times
    166 since last reset
  • The average score is 11 of 30
Answer Stats
Player Club % Correct
Marco Reus Borussia Dortmund
99%
Antoine Griezmann Atletico Madrid
85%
Anthony Martial Manchester United
71%
Marco Asensio Real Madrid
69%
Dele Alli Tottenham Hotspur
63%
Federico Chiesa AC Fiorentina
60%
Hakim Ziyech Ajax Amsterdam
55%
Dimitri Payet Olympique de Marseille
54%
Lorenzo Insigne SSC Napoli
54%
Iago Aspas Celta Vigo
50%
Radja Nainggolan Inter Milan
46%
Adam Lallana Liverpool FC
42%
Fabio Quagliarella Sampdoria
40%
Aleksandr Golovin AS Monaco
39%
Thorgan Hazard Borussia Monchengladbach
35%
Igor Akinfeev CSKA Moscow
32%
Taison FC Shakhtar Donetsk
32%
Juan Bernat FC Bayern Munich
31%
Loïc Perrin AS Saint-Etienne
28%
Rui Patricio Wolverhampton
25%
Yacine Brahimi FC Porto
23%
Salomon Kalou Hertha BSC
21%
Jonas Gonçalves Oliveira Benfica
15%
Jack Wilshere West Ham United
15%
Vasílis Torosídis Olympiacos
14%
Santi Mina Valencia CF
13%
Juan Quintero River Plate
11%
André Silva FC Sevilla
7%
Ivan Snatini Anderlecht
6%
Roman Neustadter Fenerbahçe SK
3%
No matching quizzes found
Score Distribution
Percent of People with Each Score
Percentile by Number Answered
Your Score History
You have not taken this quiz since the last reset